Pirates (Record no. 38726)

MARC details
000 -LEADER
fixed length control field 00618nam a2200241 i 4500
001 - CONTROL NUMBER
control field C2-0128390
003 - CONTROL NUMBER IDENTIFIER
control field PPAK
005 - DATE AND TIME OF LATEST TRANSACTION
control field 20180727120659.0
008 - FIXED-LENGTH DATA ELEMENTS--GENERAL INFORMATION
fixed length control field 970924s1985 enka|||| ||||| | eng d
020 ## - INTERNATIONAL STANDARD BOOK NUMBER
International Standard Book Number 0744502438
040 ## - CATALOGING SOURCE
Original cataloging agency PPAK
Language of cataloging eng
Transcribing agency PPAK
Description conventions rda
082 04 - DEWEY DECIMAL CLASSIFICATION NUMBER
Classification number 428.6
Edition number 23
090 00 - LOCALLY ASSIGNED LC-TYPE CALL NUMBER (OCLC); LOCAL CALL NUMBER (RLIN)
Classification number (OCLC) (R) ; Classification number, CALL (RLIN) (NR) 428.6
Feature heading LLO
Feature heading K
100 1# - MAIN ENTRY--PERSONAL NAME
Personal name Lloyd, David,
Relator term author
245 10 - TITLE STATEMENT
Title Pirates
264 #1 - PRODUCTION, PUBLICATION, DISTRIBUTION, MANUFACTURE, AND COPYRIGHT NOTICE
Place of production, publication, distribution, manufacture London :
Name of producer, publisher, distributor, manufacturer Walker Books ,
Date of production, publication, distribution, manufacture, or copyright notice 1985
300 ## - PHYSICAL DESCRIPTION
Extent [n.p.] :
Other physical details colour illustrations ;
Dimensions 17 cm
336 ## - CONTENT TYPE
Source rdacontent
Content type term text
337 ## - MEDIA TYPE
Source rdamedia
Media type term unmediated
338 ## - CARRIER TYPE
Source rdacarrier
Carrier type term volume
650 10 - SUBJECT ADDED ENTRY--TOPICAL TERM
Topical term or geographic name entry element Readers
942 ## - ADDED ENTRY ELEMENTS (KOHA)
-- dc
Koha item type Book
Holdings
Withdrawn Not for loan Current library Shelving location Date acquired Total Checkouts Full call number Barcode Date last seen Date last checked out Koha item type
    Perpustakaan Alor Setar Pinjaman Kanak-kanak 27/09/1997   K 428.6 LLO A00073141 08/05/2018   Book
    Perpustakaan Awam Sungai Petani Pinjaman Kanak-kanak 15/12/2003   K 428.6 LLO A00408379 08/05/2018   Book
    Perpustakaan Jitra Pinjaman Kanak-kanak 21/12/2003 1 K 428.6 LLO A00833996 17/03/2020 04/03/2020 Book